Épisodes de la saison 5 de Ninjago - Statistiques

Statistiques générales
  • Ce quiz a été pris 17 fois
  • Le résultat moyen est 4 sur 10
Statistiques - réponses
Réponse % Correct
1 Avis de tempête
81%
5 Le sabre du sanctuaire
63%
7 La trahison de Ronan
56%
4 Le temple hanté
50%
8 Les épreuves de la tombe
38%
2 Une histoire de fantômes
38%
6 Les seize royaumes
31%
9 Un monde envoûté partie 1
31%
10 Un monde envoûté partie 2
31%
3 Le parchemin de airjitsu
6%
Aucun quiz correspondant
Distribution des résultats
% des personnes avec chaque résultat
Percentile par nombre de réponses
Votre historique - résultats
Vous n’avez pas pris ce quiz